000
00209 a2200109 4500
001
63521
082
_a
954 MIL
090
_c
37528
_d
37528
100
_a
Millre,L
245
_a
Khyber
260
_a
london
_b
Jane,s
942
_a
caenust
_k
954 MIL
999
_c
298594
_d
298594